The noble scholar, jurist, historian


 His Excellency Dr. Abdul Wahhab bin Ibrahim Abu Sulaiman, may Allah have mercy on him.


 He was born in Umm Al-Qura in the year 1356 AH.

محمد بن عبد الوهاب : (Record no. 10472)

MARC details
000 -LEADER
fixed length control field 01744cam a22003731i 4500
003 - CONTROL NUMBER IDENTIFIER
control field SA-RiAUC
005 - DATE AND TIME OF LATEST TRANSACTION
control field 20250803060255.0
008 - FIXED-LENGTH DATA ELEMENTS--GENERAL INFORMATION
fixed length control field 250722s2000 su g f000 0bara c
020 ## - INTERNATIONAL STANDARD BOOK NUMBER
International Standard Book Number 99609292282
020 ## - INTERNATIONAL STANDARD BOOK NUMBER
International Standard Book Number 9960292282
040 ## - CATALOGING SOURCE
Original cataloging agency SA-RiMWL
Language of cataloging ara
Transcribing agency SA-RiAUC
Description conventions rda
041 1# - LANGUAGE CODE
Language code of text/sound track or separate title ara
Language code of original und
050 #4 - LIBRARY OF CONGRESS CALL NUMBER
Item number N33 2000
082 04 - DEWEY DECIMAL CLASSIFICATION NUMBER
Classification number 922.117
Assigning agency SA-RiAUC
090 ## - LOCALLY ASSIGNED LC-TYPE CALL NUMBER (OCLC); LOCAL CALL NUMBER (RLIN)
Classification number (OCLC) (R) ; Classification number, CALL (RLIN) (NR) 922.117
Local cutter number (OCLC) ; Book number/undivided call number, CALL (RLIN) ن د و
100 1# - MAIN ENTRY--PERSONAL NAME
Personal name الندوي، مسعود عالم،
Dates associated with a name 1910-1954
Relator term مؤلف.
245 10 - TITLE STATEMENT
Title محمد بن عبد الوهاب :
Remainder of title مصلح مظلوم ومفترى عليه /
Statement of responsibility, etc. تأليف مسعود الندوي ؛ ترجمة وتعليق عبد العليم عبد العظيم البستوي ؛ مراجعة وتقديم محمد تقي الدين الهلالي.
264 #1 - PRODUCTION, PUBLICATION, DISTRIBUTION, MANUFACTURE, AND COPYRIGHT NOTICE
Place of production, publication, distribution, manufacture الرياض :
Name of producer, publisher, distributor, manufacturer وزارة الشؤون الإسلامية والأوقاف والدعوة والإرشاد،
Date of production, publication, distribution, manufacture, or copyright notice 2000
300 ## - PHYSICAL DESCRIPTION
Extent 253 صفحة ؛
Dimensions 24 × 17 سم.
336 ## - CONTENT TYPE
Content type term نص
Content type code txt
Source rdacontent
Materials specified كتاب
337 ## - MEDIA TYPE
Media type term بدون وسيط
Media type code n
Source rdamedia
338 ## - CARRIER TYPE
Carrier type term مجلد
Carrier type code nc
Source rdacarrier
504 ## - BIBLIOGRAPHY, ETC. NOTE
Bibliography, etc. note ببليوجرافية : صفحة 219-248.
600 17 - SUBJECT ADDED ENTRY--PERSONAL NAME
Personal name ابن عبد الوهاب، محمد بن عبد الوهاب بن سليمان،
Dates associated with a name 1115-1206 هجري
Source of heading or term aucnm
650 #7 - SUBJECT ADDED ENTRY--TOPICAL TERM
Topical term or geographic name entry element المصلحون
Form subdivision تراجم
Source of heading or term aucsh
650 #7 - SUBJECT ADDED ENTRY--TOPICAL TERM
Topical term or geographic name entry element الدعاة
Form subdivision تراجم
Source of heading or term aucsh
650 #7 - SUBJECT ADDED ENTRY--TOPICAL TERM
Topical term or geographic name entry element السلفية
Geographic subdivision السعودية
Source of heading or term aucsh
650 #7 - SUBJECT ADDED ENTRY--TOPICAL TERM
Topical term or geographic name entry element الوهابية
General subdivision تاريخ
Source of heading or term aucsh
653 ## - INDEX TERM--UNCONTROLLED
Uncontrolled term التراجم
700 1# - ADDED ENTRY--PERSONAL NAME
Personal name البستوي، عبد العليم عبد العظيم
Relator term مترجم.
700 1# - ADDED ENTRY--PERSONAL NAME
Personal name الهلالي، محمد تقي الدين،
Dates associated with a name 1898-1987
Relator term مراجع.
942 ## - ADDED ENTRY ELEMENTS (KOHA)
Source of classification or shelving scheme Dewey Decimal Classification
Koha item type Books
Suppress in OPAC No
949 ## - LOCAL PROCESSING INFORMATION (OCLC)
a SA-JeALM
d 250722
u mohamedma123
n 1
Holdings
Withdrawn status Lost status Source of classification or shelving scheme Damaged status Not for loan Home library Current library Date acquired Total checkouts Full call number Barcode Date last seen Price effective from Koha item type
    Dewey Decimal Classification     DR AbdElwahab Library DR AbdElwahab Library 08/03/2025   922.117 ن د و 000017030 08/03/2025 08/03/2025 Books